000 00314nam a22001457a 4500
082 _a220
_bKIN/H
100 _aKING JAMES
245 _aTHE HOLY BIBLE
246 _aTHE HOLY BIBLE
_bTHE HOLY BIBLE
260 _aNEW YORK
_bIVY
_c1991
300 _a1112
520 _aBIBLE
650 _aENGLISH BIBLE
942 _cBK
999 _c8702
_d8702